01240cam a2200325 a 450000100090000000300040000900500170001300800410003001000170007102000400008804000180012804200090014605000250015510000310018024501410021126000400035230000290039252100070042152600080042865000390043665000290047565000280050465000280053285600900056085600750065090600450072594200120077099900170078295201150079913079587OSt20140318095933.0030203s2003 nyua j 000 1 eng  a 2003001875 a0439376092 (Hardcover : alk. paper) aDLCcDLCdDLC alcac00aPZ 7b.P63123p1 20031 aPilkey, Dav,d1966-92771010aCaptain Underpants and the big, bad battle of the Bionic Booger Boy, part 1 :bthe night of the nasty nostril nuggets /cby Dav Pilkey. aNew York :bBlue Sky Press,cc2003. a173 p. :bill. ;c22 cm. aG5 c710 1aSchool principalsvFiction.927711 1aSchoolsvFiction.927712 1aHeroesvFiction.927713 1aHumorous stories.93831423Publisher descriptionuhttp://www.loc.gov/catdir/description/schol051/2003001875.html413Table of contentsuhttp://www.loc.gov/catdir/toc/fy045/2003001875.html a7bcbccorignewd1eecipf20gy-gencatlg 2lcccBK c47482d47482 00102lcc40aMUbMUcSCHOd2014-03-18l0oPZ 7 .P63123p1 2003pMS0184r2014-03-18 00:00:00t1w2014-03-18yBK